Zgadnij Polski klub żużlowy po podpowiedzi - Statystyki

Ogólne statystyki
  • Ten quiz został rozwiązany 64 razy
  • Średni wynik to 7 z 10
Statystyki odpowiedzi
Hint Odpowiedź % Poprawnych
Jedyny klub z nad morza Gdańsk
95%
Najbardziej utytułowany klub w Polsce Leszno
88%
Istniał tylko 2 sezony Machowa
81%
12- krotny Mistrz Polski Rybnik
79%
Na ich obiekcie odbywał się przez lata Łańcuch Herbowy Ostrów
70%
Wychowankiem tego klubu jest zawodnik, który najwięcej razy został Indywidualnym Mistrzem Polski Bydgoszcz
63%
7 lat spędził tam legendarny Hans Nielsen Piła
56%
Pierwszy Mistrz Polski Warszawa
56%
Klub z południa w, którym jeździł Gary Havelock Rzeszów
53%
Wychował pierwszego Polskiego Indywidualnego Mistrza Świata Opole
47%
Nie znaleziono quizów pasujących do podanych kryteriów
Rozkład punktacji
Procent ludzi z każdym wynikiem
Percentyl według liczby udzielonych odpowiedzi
Twoja historia wyników
Nie rozwiązałeś tego quizu